Score 0/25 Timer 03:00
0 Plays Today
A-Z Movie Missing Word % Correct
Raiders of the Lost ___Ark
97.5%
The Phantom of the ______Opera
94.1%
Star Wars ep VI: Return of the ____Jedi
92.3%
Clash of the _____Titans
92%
Night of the _______ DeadLiving
91.9%
LOTR: The Fellowship of the _____Ring
91.1%
Close Encounters of the Third ____Kind
88.8%
Terms of ___________Endearment
87%
Passion of the _____Christ
86%
Harry Potter and the Order of the _______Phoenix
84.3%
Who's Afraid of ________ WoolfVirginia
79.4%
______ of SolaceQuantum
78.7%
Halloween 4: The Return of _______ MyersMichael
75.8%
A-Z Movie Missing Word % Correct
Children of a Lesser ____God
71.6%
Divine Secrets of the __-__ SisterhoodYa-ya
67.4%
Life of _____Brian
64.2%
Kingdom of ______ Heaven
63.4%
Kiss of the Spider _____Woman
59.1%
Sweeney Todd: The Demon Barber of ______ StreetFleet
57.5%
The Age of _________Innocence
50.1%
The Story of __Us
46.8%
Nanook of the ______North
46.7%
Sherlock Holmes: A Game of _______Shadows
41.7%
The Life of Emile ____Zola
31.2%
Wings of ______Desire
16.1%

Today's Daily Dose

Remove Ads.
Support Sporcle.
Get the best of Sporcle when you Go Orange. This ad-free experience offers more features, more stats, and more fun while also helping to support Sporcle. Thank you for becoming a member.

You're not logged in!

Compare scores with friends on all Sporcle quizzes.
OR
Log In

Show Comments

Extras

Top Quizzes Today


Score Distribution

Your Account Isn't Verified!

In order to create a playlist on Sporcle, you need to verify the email address you used during registration. Go to your Sporcle Settings to finish the process.

Report this User

Report this user for behavior that violates our Community Guidelines.

Details: